Statistics for Which City in Europe?

Click here to take the quiz!

General Stats

  • This quiz has been taken 85,028 times
    (84,958 since last reset)
  • The average score is 24 of 38

Answer Stats

DescriptionCity% Correct
Divided by a wall until 1989BBerlin
99%
Capital of CataloniaBBarcelona
95%
Cruise the Seine on a Bateau MouchePParis
91%
Capital of the Czech RepublicPPrague
91%
Hosts the largest Oktoberfest festivalMMunich
90%
The birthplace of democracyAAthens
89%
De-facto capital
of the Swiss Confederation
BBern
89%
Location of the
"Amphitheatrum Flavium"
RRome
88%
Famous for gondolasVVenice
88%
Executive capital of the EUBBrussels
86%
Formerly known as ConstantinopleIIstanbul
83%
Puerta del Sol, Museo del PradoMMadrid
77%
Mainly built on Amager and SjællandCCopenhagen
75%
Where Machiavelli is buriedFFlorence
74%
Small city-state on the Côte d‘AzurMMonaco
74%
Biggest French-speaking city
in Switzerland
GGeneva
71%
Largest city in the Baltic statesRRiga
70%
Ancient rival of the above which now
only has 30,000 inhabitants
SSparta
68%
French city closest to EnglandCCalais
63%
Ban Jelačić SquareZZagreb
63%
Birthplace of W.A. MozartSSalzburg
60%
Hosted the 2014 Winter OlympicsSSochi
59%
Home to La Scala opera houseMMilan
57%
Where the R.M.S. Titanic was builtBBelfast
55%
The "Old Firm" play football hereGGlasgow
54%
Where the Elbe meets the North SeaHHamburg
52%
Where you can run with the bullsPPamplona
50%
Hosted the 1984 Winter OlympicsSSarajevo
50%
The Mayflower started its voyage
to the New World here
PPlymouth
49%
Crimean site of a WWII conferenceYYalta
49%
Croatian beach city, Diocletian‘s PalaceSSplit
43%
Russian oblast and exclaveKKaliningrad
42%
Where you'll find the
Monument to the Discoveries
LLisbon
42%
And the city where it
began its maiden voyage
SSouthampton
41%
At the confluence of the Sava
and the Danube
BBelgrade
39%
The Neva River flows through itSSt. Petersburg
36%
Largest city north of the Arctic CircleMMurmansk
23%
Biggest city in GotlandVVisby
12%

Score Distribution

Percentile by Number Answered

Percent of People with Each Score

Your Score History

You have not taken this quiz since the last reset